000 00280nam a2200109Ia 4500
008 200302s9999 xx 000 0 und d
100 _aDennis L. Foster
245 _aAn Interoduction to Hospitality
260 _bTata Mcgraw-Hill Publishing Co.
260 _c1993
300 _a251 P.,
999 _c1071
_d1071